Postavenie Pakistanu v projekte Novej hodvábnej cesty bakalárska práca

Saved in:
Bibliographic Details
Main Author: Braunová, Slavomíra
Corporate Author: Obchodná fakulta EU. Katedra medzinárodného obchodu
Other Authors: Družbacká, Barbora, 1995-
Format: Book
Language:Slovak
Published: Bratislava 2021
Tags: Add Tag
No Tags, Be the first to tag this record!

MARC

LEADER 00000nbm a2200000 4500
001 0275908
005 20220209123529.0
041 0 |a slo 
044 |a SK 
245 1 0 |a Postavenie Pakistanu v projekte Novej hodvábnej cesty  |b bakalárska práca  |c Slavomíra Braunová ; školiteľ: Barbora Družbacká 
264 1 |a Bratislava  |c 2021 
300 |a 58 s. 
100 1 |a Braunová, Slavomíra 
700 1 |a Družbacká, Barbora, 1995- 
710 2 |a Obchodná fakulta EU. Katedra medzinárodného obchodu